|
|
|
|
| LEADER |
01572nam a2200433 a 4500 |
| 001 |
000599186 |
| 003 |
CZ BrMZK |
| 005 |
20040622132901.0 |
| 007 |
ta |
| 008 |
020509s1999 xr f cze d |
| 015 |
|
|
|a cnb000962815
|
| 020 |
|
|
|a 80-86093-33-6
|q (váz.)
|
| 035 |
|
|
|a (OCoLC)46964303
|
| 040 |
|
|
|a BOA001
|c ze
|d BOA001
|
| 043 |
|
|
|a e-cs---
|
| 080 |
|
|
|a (0:82-94)
|2 MRF
|
| 080 |
|
|
|a (092)
|2 MRF
|
| 080 |
|
|
|a 323.28-051
|2 MRF
|
| 080 |
|
|
|a 323.28
|2 MRF
|
| 080 |
|
|
|a 343.819.7
|2 MRF
|
| 080 |
|
|
|a 321.74
|2 MRF
|
| 100 |
1 |
|
|a Husek, Jožka,
|d 1920-2017
|7 jn99240000335
|4 aut
|
| 245 |
1 |
0 |
|a Za vlády vrahů :
|b zpráva o tom, co nechtějí slyšet : věnováno sestrám bolesti /
|c Jožka Husek ; Československý gulag
|
| 250 |
|
|
|a 2. vyd.
|
| 260 |
|
|
|a Vizovice :
|b Lípa,
|c 1999
|
| 300 |
|
|
|a 267 s. :
|b il., portréty ;
|c 24 cm
|
| 490 |
1 |
|
|a Otisky
|
| 650 |
0 |
7 |
|a věznice
|7 ph127394
|z Československo
|y 1948-1968
|2 czenas
|
| 650 |
0 |
7 |
|a komunistický režim
|7 ph114960
|z Československo
|x dějiny
|2 czenas
|
| 650 |
0 |
7 |
|a političtí vězni
|7 ph124262
|z Československo
|y 1948-1968
|2 czenas
|
| 650 |
0 |
7 |
|a politická perzekuce
|7 ph124236
|z Československo
|y 1948-1968
|2 czenas
|
| 650 |
0 |
7 |
|a pracovní tábory
|7 ph115874
|z Československo
|y 1948-1968
|2 czenas
|
| 655 |
|
7 |
|a vzpomínky
|7 fd133830
|2 czenas
|
| 655 |
|
7 |
|a biografie
|7 fd131909
|2 czenas
|
| 740 |
0 |
2 |
|a Československý gulag
|
| 830 |
|
0 |
|a Otisky (Lípa)
|0 s
|
| 910 |
|
|
|a BOA001
|b 2-1102.892
|
| 990 |
|
|
|a BK
|
| 996 |
6 |
|
|b 2610160698
|c 2-1102.892
|l MZK
|r Sklad / do 1 hodiny
|n 3
|p p.v.
|w 000599186
|u 000010
|a 1
|e BOA001
|j MZK50
|s P
|